Kapesní atlas obchodníka: Švýcarsko

Základné demografické údaje Švajčiarska. Členstvo Švajčiarska v medzinárodných organizáciách. Základné ekonomické ukazovatele, zahraničný obchod a dvojstranné dohody. Praktické rady, dôležité adresy a zvláštne upozornenia pri cestovaní do Švajčiarska.

Guardado en:
Detalles Bibliográficos
Autor principal: Kotápišová, Lada
Formato: Capítulo de libro
Lenguaje:checo
Materias:
Etiquetas: Agregar Etiqueta
Sin Etiquetas, Sea el primero en etiquetar este registro!

MARC

LEADER 00000naa a2200000 4500
001 r032039
005 20230908092828.1
041 0 |a cze 
044 |a CZ 
245 1 0 |a Kapesní atlas obchodníka: Švýcarsko  |c Lada Kotápišová 
520 |a Základné demografické údaje Švajčiarska. Členstvo Švajčiarska v medzinárodných organizáciách. Základné ekonomické ukazovatele, zahraničný obchod a dvojstranné dohody. Praktické rady, dôležité adresy a zvláštne upozornenia pri cestovaní do Švajčiarska. 
610 2 0 |a styk zahraničnoobchodný 
610 2 0 |a demografia 
610 2 0 |a ukazovatele ekonomické 
610 2 0 |a obchod zahraničný 
610 2 0 |a štát 
610 2 0 |a Švajčiarsko 
100 1 |a Kotápišová, Lada